Yield, stand, and volume tables for even--aged upland oak forests.

Bibliographic Details
Corporate Author: United States. Forest Service
Format: Government Document eBook
Language:English
Published: [Washington] : [s.n.], 1937.
Subjects:
Online Access:Electronic resource (PDF)

MARC

Tag First Indicator Second Indicator Subfields
LEADER 00000cam a22000001i 4500
001 in00003975421
006 m d f
007 cr bn mmmapmmp
008 370725s1937 dcu o f000 0 eng d
005 20250210230346.5
035 |a ebd1933000262 
040 |a UMI  |c UMI  |e rda  |d UtOrBLW 
086 0 |a A 1.36:560 
099 |a A1.36..560 
110 1 |a United States.  |b Forest Service.  |0 http://id.loc.gov/authorities/names/n79054932 
245 1 0 |a Yield, stand, and volume tables for even--aged upland oak forests. 
264 1 |a [Washington] :  |b [s.n.],  |c 1937. 
300 |a 1 online resource (88 pages), digital, PDF file 
336 |a text  |b txt  |2 rdacontent 
337 |a computer  |b c  |2 rdamedia 
338 |a online resource  |b cr  |2 rdacarrier 
500 |a Includes tables, graphs, and list of literature cited. 
533 |a Electronic reproduction.  |b [Bethesda, Md.] :  |c ProQuest,  |d 2016  |e digital, PDF file.  |n ProQuest U.S. Executive Branch Documents  |n Mode of access: World Wide Web via ProQuest website. 
588 |a Record is based on online resource; title from PDF title page (ProQuest, last viewed July 2016). Reuse except for individual research requires license from ProQuest, LLC. 
650 0 |a Forests and forestry.  |0 http://id.loc.gov/authorities/subjects/sh85050707 
650 0 |a Trees.  |0 http://id.loc.gov/authorities/names/nr2006016201 
856 4 0 |u http://proxy.library.tamu.edu/login?url=http://congressional.proquest.com/congressional/docview/t66.d71.a1.36..560?  |y Electronic resource (PDF)  |t 0 
999 f f |s 31804b49-5f39-3baf-b2bd-11579a785c31  |i 50f7ce41-4f65-3773-8847-0ea538b4917e  |t 0 
952 f f |a Texas A&M University  |b College Station  |c Electronic Resources  |d Available Online  |t 0  |h No information provided 
998 f f |t 0  |l Available Online